|
|
|
|
| LEADER |
00000cam a2200000 a 4500 |
| 001 |
vtls001071424 |
| 003 |
SK-MaSNL |
| 005 |
20260301153050.0 |
| 008 |
250414s1993 xo c 000 0 cze |
| 015 |
|
|
|a SNBA1993/05
|
| 020 |
|
|
|a 8071530492
|q (viaz.)
|
| 035 |
|
|
|a SNK000014255
|
| 035 |
|
|
|a urn:nbn:sk:snk-amlmsr
|
| 035 |
|
|
|a urn:nbn:sk:snk-am00byxq
|
| 035 |
|
|
|a 57201A37-2AE8-434A-BCDF-C7FE8A649374
|
| 040 |
|
|
|a SNK
|b slo
|c SNK
|e AACR2
|
| 041 |
1 |
|
|a cze
|h ger
|
| 044 |
|
|
|a xo
|c SK
|
| 080 |
|
|
|a 591.9(0.062)=850
|2 1981
|
| 100 |
1 |
|
|a Bauer, Ernst W.
|4 aut
|9 42768
|
| 245 |
1 |
0 |
|a Můj barevný atlas zvířat
|c Ernst W. Bauer, Hermann Fay ; ilustrace Hermann Fay
|
| 250 |
|
|
|a 1. vyd.
|
| 260 |
|
|
|a Bratislava
|b Fortuna Print, spol. s r.o.
|c 1993
|
| 300 |
|
|
|a 100 s.
|b ilustr.
|c 28 cm
|
| 500 |
|
|
|a Preložené z nemčiny
|
| 650 |
0 |
7 |
|a živočíchy
|2 SNKPH
|9 1094
|
| 655 |
|
7 |
|a obrazové publikácie
|2 SNKPH
|9 70343
|
| 655 |
|
7 |
|a publikácie pre deti
|2 SNKPH
|9 70148
|
| 700 |
1 |
|
|a Fay, Hermann
|4 ill
|9 43659
|
| 852 |
|
|
|a Slovenská národná knižnica
|
| 919 |
|
|
|a 80-7153-049-2
|
| 958 |
|
|
|a APR
|
| 958 |
|
|
|a TL
|
| 958 |
|
|
|a OP
|
| 958 |
|
|
|a CZ
|
| 958 |
|
|
|a NS
|
| 968 |
|
|
|a [Čes]
|b DT
|d Z něm. orig.
|
| 999 |
|
|
|c 791313
|d 793243
|
| 952 |
|
|
|t P60, <04>, [BOOK], {604}
|a SNK
|b SNK
|y VYP
|7 0
|p 17A0145718
|o snkSB 50718 D1
|0 0
|1 0
|4 0
|d 1998-07-02
|l 0
|r 2004-12-31 00:00:00
|w 2026-02-24
|
| 952 |
|
|
|a SNK
|b SNK
|y PREZ
|7 0
|p 17A0804961
|o snkSB 50718
|0 0
|1 0
|4 0
|d 2012-07-16
|f 1
|l 0
|r 2026-02-24 01:36:55
|w 2026-02-24
|